AKB48選抜総選挙1位 - サドンデス - Statistics

General Stats
  • This quiz has been taken 45 times
  • The average score is 5 of 6
Answers on the Grid
Answers color-coded by a green-red scale on the quiz's grid according to % correct below.
前田敦子
大島優子
小嶋陽菜
山本彩
峯岸みなみ
島崎遥香
川栄李奈
川栄李奈
指原莉乃
松井玲奈
松井珠理奈
板野友美
柏木由紀
横山由依
渡辺麻友
篠田麻里子
荻野由佳
須田亜香里
高橋みなみ
該当者5名のみ
 
Answer Stats
Answer % Correct
前田敦子
97%
大島優子
94%
指原莉乃
75%
渡辺麻友
66%
松井珠理奈
63%
該当者5名のみ
59%
No matching quizzes found
Score Distribution
Percent of People with Each Score
Percentile by Number Answered
Your Score History
You have not taken this quiz